Central Library OPAC University of Rajshahi

إحياء علوم الدين / Iḥyāʼ ʻulūm al-dīn. / (Record no. 80704)

MARC details
000 -LEADER
fixed length control field 02444cam a2200385 i 4500
001 - CONTROL NUMBER
control field 80704
003 - CONTROL NUMBER IDENTIFIER
rucl marc code BD-RjUL
005 - DATE AND TIME OF LATEST TRANSACTION
control field 20221103120219.0
008 - FIXED-LENGTH DATA ELEMENTS--GENERAL INFORMATION
fixed length control field 221103s1933 ua 000 0barard
035 ## - SYSTEM CONTROL NUMBER
System control number (BD-RjUL) 80704
040 ## - CATALOGING SOURCE
Original cataloging agency WAU
Language of cataloging eng
Transcribing agency WAU
Modifying agency OCL
-- OCLCQ
-- GZM
-- OCLCA
-- OCLCQ
-- OCLCO
-- OCLCF
-- OCLCQ
-- OCLCO
-- UkOxU
041 ## - LANGUAGE CODE
Language code of text/sound track or separate title ara
082 ## - DEWEY DECIMAL CLASSIFICATION NUMBER
Edition number 23
Classification number 297.5
Author mark and year GHL 1933
100 0# - MAIN ENTRY--PERSONAL NAME
Personal name Ghazzālī,
Dates associated with a name 1058-1111.
9 (RLIN) 5691
245 10 - TITLE STATEMENT
Title إحياء علوم الدين / Iḥyāʼ ʻulūm al-dīn. /
Statement of responsibility, etc. تأليف أبي حامد محمد بن محمد بن محمد الغزالي. ومعه كتاب المغني عن حمل الأسفار في الأسفار تخريج ما في الإحياء من الأخبار / لعبد الرحيم بن الحسين العراقي. ## Taʼlīf Abī Ḥamid Muḥammad ibn Muḥammad ibn Muḥammad al-Ghazzālī. Wa-maʻahu kitāb al-Mughnī ʻan ḥaml al-asfār fī al-asfār takhrij mā fī al-Iḥyāʼ mina al-akhbār, li ... ʻAbd al-Raḥīm ibn-Ḥusayn al-ʻIrāqī.
260 ## - PUBLICATION, DISTRIBUTION, ETC. (IMPRINT)
Place of publication, distribution, etc. [Miṣr] :مصر :
Name of publisher, distributor, etc. المطبعة العثمانية المصرية، al-Maṭbaʻah al-ʻUthmānīyah al-Miṣrīyah,
Date of publication, distribution, etc. 1933.
300 ## - PHYSICAL DESCRIPTION
Pagination 4 volumes
336 ## - CONTENT TYPE
Content type term text
Content type code txt
Source rdacontent
337 ## - MEDIA TYPE
Media type term unmediated
Media type code n
Source rdamedia
338 ## - CARRIER TYPE
Carrier type term volume
Carrier type code nc
Source rdacarrier
500 ## - GENERAL NOTE
General note Vol. 1 includes also: (p. 2-49)--Ibn al-ʻAydarūs, ʻAbd al-Qādir ibn ʻAbd Allah. Taʻrīf al-Iḥyāʼ bi-faḍaʼil al-Iḥyāʼ. (p. 49-182) al-Ghazzālī. al-Imlāʼ.
General note Vol. 1, p. 183-v. 4 includes: al-Suhrawardī, ʻUmar ibn Muḥammad. ʻAwārif al-maʻārif.
650 #0 - SUBJECT ADDED ENTRY--TOPICAL TERM
Topical term or geographic name as entry element Islamic ethics
Form subdivision Early works to 1800.
9 (RLIN) 775
Topical term or geographic name as entry element Islam
General subdivision Doctrines
Form subdivision Early works to 1800.
9 (RLIN) 5411
Topical term or geographic name as entry element Islam
General subdivision Doctrines.
Source of heading or term fast
Authority record control number (OCoLC)fst00979787
Topical term or geographic name as entry element Islamic ethics.
Source of heading or term fast
Authority record control number (OCoLC)fst00979936
700 1# - ADDED ENTRY--PERSONAL NAME
Personal name ʿIrāqī, ʿAbd al-Raḥīm ibn al-Ḥusayn,
Dates associated with a name 1325-1404.
Personal name ʻAydarūs, ʻAbd al-Qādir ibn Shaykh,
Dates associated with a name 1570-1627.
Personal name Ghazzālī,
Dates associated with a name 1058-1111.
Personal name Suhrawardī, ʿUmar ibn Muḥammad,
Dates associated with a name 1145-1234.
880 12 - ALTERNATE GRAPHIC REPRESENTATION
Linkage 700-00//r
a عراقي، عبد الرحيم بن الحسين.
t مغني عن حمل الأسفار في الأسفار.
Linkage 700-00//r
a غزالي.
t إملاء عن إشكالات الإحياء.
Linkage 700-04//r
a سهروردي، عمر بن محمد.
t عوارف المعارف.
942 ## - ADDED ENTRY ELEMENTS (KOHA)
Source of classification or shelving scheme Dewey Decimal Classification
Koha item type Books
Holdings
Lost status Source of classification or shelving scheme Damaged status Not for loan Collection code Permanent Location Current Location Shelving location Date acquired Source of acquisition Full call number Date last seen Copy number Koha item type
  Dewey Decimal Classification   Not For Loan Non-fiction Central Library, University of Rajshahi Central Library, University of Rajshahi Reading Room 03/11/2022 A.K. muhammad Hosain basudevpur , Rajshahi A 297.5 GHL V-1 1933 03/11/2022 C-1 Books